000 01320cac a2200337 a 4500
003 Co-PeBPM
005 20260224120246.0
007 ta
008 181205s2018 ck a g 000 0 spa
020 _a9789588879376
040 0 _aCo-PeBPM
_bspa
_erda
_cCo-PeBPM
041 _aspa
082 0 4 _a519.5 V433e
_222
100 1 _aVelasco Sotomayor, Gabriel,
_d1949-
_9113295
_eautor
245 1 4 _aLos enigmas del azar
_b: Relatos sorprendentes sobre incertidumbre y probabilidad
_c/ Gabriel Velasco Sotomayor
250 _aEdición especial
264 1 0 _aBogotá, Colombia
_b: Limusa - Noriega Editores
_c, 2018
300 _a152 páginas
_b: ilustraciones en blanco y negro, cuadros
_c; 24 centímetros.
490 _aPlan Nacional de Lectura y Escritura Leer es mi Cuento / Ministerio de Cultura
500 _aIncluye índice.
521 _aRecomendado para público adulto
650 1 4 _aCoordenadas cartesianas
_2LEMB
_9114547
650 1 4 _aEnseñanza superior
_2LEMB
650 1 4 _aFunciones
_2LEMB
_9114548
650 1 4 _aGeometría euclidiana
_2LEMB
_9114550
650 1 4 _aMatemáticas para ingenieros
_2LEMB
_9114552
650 1 4 _aMatemáticas recreativas
_2LEMB
_9114557
650 1 4 _aTrigonometría
_2LEMB
_9114553
942 _2ddc
_cBK
999 _c3441
_d3441